[Event "EU-Cup 15th final"]
[Site "Bugojno"]
[Date "1999.10.30"]
[Round "2"]
[White "Van den Doel, Erik"]
[Black "Yemelin, Vasily"]
[Result "0-1"]
[WhiteElo "2528"]
[BlackElo "2500"]
[Annotator "Wedberg,T"]
[PlyCount "100"]
[EventDate "1999.10.29"]
[EventType "team-k.o."]
[EventRounds "3"]
[EventCountry "BIH"]
[SourceTitle "EXT 2020"]
[Source "ChessBase"]
[SourceDate "2019.10.17"]
[SourceVersion "1"]
[SourceVersionDate "2019.10.17"]
[SourceQuality "1"]
[WhiteTeam "Breda Panfox"]
[BlackTeam "St Petersburg"]
[WhiteTeamCountry "NED"]
[BlackTeamCountry "RUS"]

1. e4 e5 2. Nf3 Nc6 3. Bb5 Nf6 4. O-O Nxe4 5. d4 Nd6 6. Bxc6 dxc6 7. dxe5 Nf5
8. Qxd8+ Kxd8 9. Nc3 Ke8 10. h3 a5 11. a3 (11. Re1 Bb4 12. Bd2 Be6 (12... Bxc3
13. Bxc3 Be6 $11) 13. Ne4 Bxd2 14. Nexd2 a4 15. a3 b6 16. Ne4 Bd5 17. Rad1 h5
18. Nd4 $14 {1/2-1/2 Yemelin,V-Eliseev,A/St Petersburg 1999/CBM 74 no vc (43)})
11... Ne7 12. Re1 Ng6 (12... Be6 13. Ne4 Nd5 14. Nd4 Be7 15. Bd2 a4 16. f4 c5
17. Nxe6 fxe6 18. c4 Nb6 19. Rac1 Kd7 20. Kf2 Kc6 $13 {1-0 Bruzon,L-Comas
Fabrego,L/Havana 1999/CBM 71/[Hecht] (62)}) 13. Bd2 h6 14. Rad1 a4 15. Ne4 c5
16. Be3 b6 17. Nc3 Be7 18. Bc1 {White's manouvers don't impress Black much.
Not surpricingly Black is soon on top.} Nf8 19. Nd5 Ne6 20. Nh2 Bb7 21. Ng4 Rd8
22. Nge3 Bg5 {[%mdl 4] From the point of strategy it's intructive to note how
Black has deployed his forces. When White is passive Black should go for
something like the diagram.} 23. c4 Ba6 24. Nf5 (24. g3 Bxe3 25. Nxe3 Nd4 $17)
24... Bxc4 25. Nxc7+ {The tactics can't save White here.} Nxc7 26. Nd6+ Rxd6
27. exd6+ Ne6 28. f4 Bh4 29. f5 Bxe1 30. Rxe1 Kd7 31. fxe6+ Bxe6 32. Bf4 Re8
$17 {The P on d6 is basically a weakness. Black's plan is to create passed P:s
on both wings.} 33. h4 f6 34. Kf2 Bd5 $1 35. Rxe8 Kxe8 36. g4 Kd7 37. Bg3 Be6
38. Kf3 b5 39. g5 fxg5 40. hxg5 hxg5 $19 41. Ke3 Kc6 42. Ke4 g4 43. Be5 g6 44.
Bg3 Bd5+ 45. Ke5 b4 46. axb4 cxb4 47. Kd4 Be6 48. Bh2 b3 49. Kc3 Kd5 50. Kb4
Bd7 0-1

[Event "Olympiad-33"]
[Site "Elista"]
[Date "1998.10.06"]
[Round "8.3"]
[White "Nisipeanu, Liviu Dieter"]
[Black "Kosashvili, Yona"]
[Result "1-0"]
[WhiteElo "2575"]
[BlackElo "2580"]
[Annotator "Wedberg,T"]
[PlyCount "131"]
[EventDate "1998.09.29"]
[EventType "team-swiss"]
[EventRounds "13"]
[EventCountry "RUS"]
[SourceTitle "CBM 068"]
[Source "ChessBase"]
[SourceDate "1999.02.01"]
[SourceVersion "1"]
[SourceVersionDate "1999.02.01"]
[SourceQuality "1"]
[WhiteTeam "Romania"]
[BlackTeam "Israel"]
[WhiteTeamCountry "ROU"]
[BlackTeamCountry "ISR"]

{[%mdl 4]} 1. e4 e5 2. Nf3 Nc6 3. Bb5 Nf6 4. O-O Nxe4 5. d4 Nd6 6. Bxc6 dxc6 7.
dxe5 Nf5 8. Qxd8+ Kxd8 9. Nc3 Ke8 {Which move is the best for Black? The good
thing about Ke8 is that it keeps a lot of options open. It protects f7 and
steps out of checks on d1 or g5. But there are some bad points too: it is not
obvious that the K should be on e8. In this line the black K often goes to the
Q-side along paths like c8-b7, or more daring d7-c6. Sometimes it goes to e7
or d7 to protect e6. On top of that it is quite fashionable for White to throw
in Rf1-d1+ at some point, why not wait for that check? Given all these
considerations it might be a good idea to wait a little before moving the K.
The next question is what other move to make.The theory has no answer. Black
has tried most of the other possible moves in the position. Right now 9. - a5
has recieved some attention.} 10. h3 a5 (10... Ne7 11. Re1 Ng6 12. Ne4 Be7 13.
Nd6+ cxd6 14. exd6 f6 15. dxe7 Nxe7 16. b3 Kf7 17. Ba3 Re8 18. Nd2 Bf5 19. Nc4
Nc8 20. Rxe8 Kxe8 21. Re1+ Kf7 22. Na5 $14 {1-0 Nisipeanu,L-Grabarczyk,M/
Koszalin 1998/CBM 65 ext (66)}) 11. Re1 {Just like in the previous comment
Nisipeanu places his R on e1. Given the black K on e8 this looks very
reasonable indeed. But there is a difference compared to that game that could
have eased Blacks game considerably.} (11. Rd1 a4 12. g4 Ne7 13. Kg2 Ng6 14.
Rd4 Be7 15. Kg3 h5 16. Bg5 hxg4 17. hxg4 f6 18. Bf4 f5 19. g5 a3 20. b3 Be6 $15
{1-0 Almasi,Z-Aleksandrov,A/Pula 1997/CBM 57 ext/[Hecht] (46)}) (11. a4 Be6 12.
Rd1 h6 13. g4 Ne7 14. Nd4 g5 15. Ne4 Bg7 16. Nxe6 fxe6 17. Nc5 b6 18. Nxe6 Bxe5
19. Ra3 $14 {0-1 Ernst,T-Rausis,I/Aaland-Stockholm 1997/EXT 98 (50)}) 11... Ne7
$6 {Black plays a fashionable manouvre, but in this position it is too slow.} (
11... Bb4 $1 {The negative aspect of the R on e1 is that Black can get
opposite coloured B:s. This is very often a good idea for Black since his B on
e6 is much stronger than the white counterpart on c3.} 12. Bd2 Bxc3 13. Bxc3
Be6 14. g4 Ne7 15. Nd4 h5 $132) 12. Ne4 Ng6 13. Nd4 $14 a4 14. Bd2 h6 15. Rad1
Bd7 16. c4 Rd8 17. Ba5 b6 18. Bc3 {[%mdl 4] White's setup is a model for
everything White can hope for in this line. True, it cannot be achieved unless
Black lends a hand.} Nf4 (18... Be7 19. Nf6+ $18) (18... c5 19. Nf6+ gxf6 20.
exf6+ Be6 21. Nxe6 fxe6 22. f7+ Ke7 23. Rxd8 Kxd8 24. Rxe6 $18) 19. Nf6+ $1
gxf6 (19... Ke7 20. e6 $18) 20. exf6+ Be6 (20... Ne6 21. Nxe6 Bxe6 22. Rxe6+
fxe6 23. f7+ Kxf7 24. Rxd8 Rg8 (24... Rh7 25. Be5) 25. Rd7+ $18) 21. Nxe6 Rxd1
22. Nxc7+ Kd7 23. Rxd1+ Kc8 24. Be5 $18 Ng6 25. Bg3 a3 26. b3 Bb4 27. Na6 Bc3
28. Nb8 c5 29. Nc6 Bd4 (29... Bxf6 30. Na7+ Kb7 31. Rd7+ Ka6 32. Nb5 $18) 30.
Kf1 Kb7 31. Nxd4 Rd8 32. b4 cxd4 33. Rd3 Nf8 34. Be5 Ne6 35. f4 Re8 36. g3 b5
37. cxb5 Kb6 38. f5 Ng5 39. Bxd4+ Kxb5 40. Rxa3 Kxb4 41. Re3 Ne4 42. Kg2 h5 43.
Bb2 Kc4 44. a4 Kb4 45. Ba3+ Kc4 46. Kf3 Ng5+ 47. Ke2 Ne4 48. Be7 Kd4 49. a5 Rg8
50. Rd3+ Ke5 51. a6 Nxg3+ 52. Kd1 Ne4 53. Ra3 Kxf5 54. a7 Ra8 55. Ke2 Nxf6 56.
Rf3+ Ke6 57. Bxf6 Rxa7 58. Bg5 Ra2+ 59. Ke3 Rg2 60. Rf6+ Ke7 61. h4 Kf8 62. Rh6
Kg7 63. Rxh5 f6 64. Bf4 Kg6 65. Ra5 Rb2 66. h5+ 1-0

[Event "Cappelle op 21st"]
[Site "Cappelle la Grande"]
[Date "2005.02.17"]
[Round "7"]
[White "Marcelin, Cyril"]
[Black "Stefansson, Hannes"]
[Result "0-1"]
[WhiteElo "2464"]
[BlackElo "2561"]
[Annotator "Wedberg,T"]
[PlyCount "54"]
[EventDate "2005.02.12"]
[EventType "swiss"]
[EventRounds "9"]
[EventCountry "FRA"]
[SourceTitle "CBM 106"]
[Source "ChessBase"]
[SourceDate "2005.06.06"]
[SourceVersion "1"]
[SourceVersionDate "2005.06.06"]
[SourceQuality "1"]

1. e4 e5 2. Nf3 Nc6 3. Bb5 Nf6 4. O-O Nxe4 5. Qe2 {Quite unusual, but not
without some sting.} Nd6 6. Bxc6 dxc6 7. Qxe5+ Qe7 8. Qa5 {By preventing 0-0-0
white hampers Black´s development.} Be6 9. Re1 (9. d3 $5 Qd7 (9... Nf5 10. Bf4
Qb4 11. Qxb4 Bxb4 12. Bxc7 Bd5 13. Nbd2 Kd7 14. Be5 Rhe8 15. c3 $14 {1-0
Leonardo,J-Galego,L/Portugal 1993/TD (91)}) 10. Nd4 Bd5 11. Re1+ Kd8 12. c4 c5
13. Nb3 b6 14. Qc3 Bb7 15. d4 $36 {1-0 Rocha,S-Galego,L/Lisbon 1996/CBM 051
ext/[Costa,L] (29)}) 9... g6 (9... Nc4 10. Qc3 O-O-O 11. Nd4 Nd6 (11... Qf6 12.
Nxe6 Qxc3 13. Nxc3 Re8 14. d3 Nb6 15. Bf4 Rxe6 16. Rxe6 fxe6 17. Re1 $14 {
1-0 Solleveld,M-Giddins,S/Amsterdam 2002/CBM 089 ext (59)}) 12. Nxe6 fxe6 13.
Qe5 Nf5 14. c3 c5 15. Na3 Qd7 16. d3 Re8 17. Bf4 Bd6 18. Qe4 Rhf8 {1/2-1/2
Lemmers,O-Winants,L/Belgium 2000/CBM 081 ext (38)}) 10. Qe5 Rg8 11. d3 Bg7 12.
Qa5 h6 13. Nc3 g5 $1 {While White is waiting for Black to castle Q-side, Black
starts his own offensive on the other side of the board.} 14. Be3 Nf5 15. Bc5
Qd7 16. Ba3 Nd4 17. Nxd4 Bxd4 18. Ne4 b6 19. Qa6 f5 $1 20. Nd2 Kf7 {Whites
strategy has failed. Black has all the play there is.} 21. Nf3 Rge8 22. Kf1 c5
23. Nxd4 Qxd4 24. Qb7 Qd7 25. g3 $4 {Was this touch piece?} (25. Qf3) 25... Bd5
26. Qa6 Qc6 (26... f4 $19) 27. Re3 f4 0-1

[Event "Dresden zt 1.2"]
[Site "Dresden"]
[Date "1998.04.28"]
[Round "1"]
[White "Wahls, Matthias"]
[Black "Ekstroem, Roland"]
[Result "1/2-1/2"]
[WhiteElo "2605"]
[BlackElo "2490"]
[Annotator "Wedberg,T"]
[PlyCount "45"]
[EventDate "1998.04.28"]
[EventType "swiss"]
[EventRounds "11"]
[EventCountry "GER"]
[SourceTitle "CBM 065"]
[Source "ChessBase"]
[SourceDate "1998.08.06"]
[SourceVersion "1"]
[SourceVersionDate "1998.08.06"]
[SourceQuality "1"]

{Roland Ekstroem comes up with a clear improvement in the opening. Matthias
Wahls soon settles for a draw with White.} 1. e4 e5 2. Nf3 Nc6 3. Bb5 Nf6 4.
O-O Nxe4 5. d4 Nd6 6. Bxc6 dxc6 7. dxe5 Ne4 8. Qe2 Bf5 9. Rd1 (9. Be3 {is the
main alternative.}) 9... Qc8 10. Nd4 Bc5 11. b4 $5 (11. Be3 O-O 12. f3 Bxd4 13.
Bxd4 Ng5 14. Nc3 Re8 15. Rd2 Ne6 $11 {Hansen,C-Westerinen,H/Nordic-ch VISA
1997/CBM 62/[Wedberg]/1/2-1/2 (51)}) 11... Bb6 $146 {The N is trapped on e4,
but can White actually win it? An important question for the whole line.} (
11... Bxb4 {this is probably a mistake} 12. e6 $1 Bg6 (12... fxe6 13. Nxf5 exf5
14. f3 $16) 13. exf7+ Kf8 14. Qc4 $16 {1-0 Sulskis,S-Westerinen,H/Gausdal Int
1995/EXP 47 (41)}) 12. f3 (12. c4 c5 13. Nxf5 Qxf5 14. Qf3 Qxe5 15. Bb2 (15.
Re1 O-O $19) 15... Qxb2 16. Qxe4+ Kf8 $17) 12... Qd7 13. Bb2 {Now the N
escapes unscaved.} (13. Be3 O-O-O 14. c4 c5 15. fxe4 Bg4 16. e6 Bxe2 (16...
Qxd4 17. Rxd4 Bxe2 18. bxc5 $14) 17. exd7+ Rxd7 18. bxc5 Bxd1 19. cxb6 axb6 20.
Nc3 Bh5 $13) 13... Ng5 14. c4 Bxd4+ 15. Bxd4 O-O-O 16. Nc3 Ne6 17. Bf2 Qe7 18.
Qe3 b6 19. a3 Rxd1+ 20. Rxd1 Rd8 21. Rxd8+ Qxd8 22. c5 g5 23. h3 1/2-1/2

[Event "EU-chT (Men) 14th"]
[Site "Plovdiv"]
[Date "2003.10.19"]
[Round "8.1"]
[White "Acs, Peter"]
[Black "Georgiev, Kiril"]
[Result "0-1"]
[WhiteElo "2593"]
[BlackElo "2651"]
[Annotator "Wedberg,T"]
[PlyCount "86"]
[EventDate "2003.10.10"]
[EventType "team-swiss"]
[EventRounds "9"]
[EventCountry "BUL"]
[SourceTitle "CBM 098"]
[Source "ChessBase"]
[SourceDate "2004.02.03"]
[SourceVersion "1"]
[SourceVersionDate "2004.02.03"]
[SourceQuality "1"]
[WhiteTeam "Hungary"]
[BlackTeam "Macedonia"]
[WhiteTeamCountry "HUN"]
[BlackTeamCountry "MKD"]

1. e4 e5 2. Nf3 Nc6 3. Bb5 Nf6 4. O-O Nxe4 5. d4 Nd6 6. Bxc6 dxc6 7. dxe5 Nf5
8. Qxd8+ Kxd8 9. Nc3 Ne7 {The N heads for g6 and opens the diagonal for the B.}
10. h3 h6 (10... Ng6 {allows} 11. Bg5+ Ke8 12. Rad1 {but} Bd7 (12... Be7 13.
Bxe7 Kxe7 14. Nd4 Nf4 15. Ne4 Rd8 16. Rfe1 Rd5 17. c4 Rd8 18. Kh2 a5 19. g4 a4
20. Kg3 $16 {1/2-1/2 Shirov,A-Vallejo Pons,F/Linares SuperGM 2002/CBM 88 (33)})
13. Rd2 Be6 14. Rfd1 Be7 15. Ne4 Bd5 16. Re1 Bxg5 17. Nexg5 h6 18. Ne4 Rd8 19.
b3 a5 20. Rd4 Ke7 {proved satisfactory in 1/2-1/2 Anand,V-Vallejo Pons,F/
Linares 2003/CBM 94 (28)}) 11. Re1 Ng6 12. Ne4 (12. b3 Bb4 13. Bb2 Ke8 14. a3
Bxc3 15. Bxc3 c5 $11 {1/2-1/2 Smetankin,S-Markowski,T/Leon 2001/CBM 86 (21)}) (
12. Bd2 Bd7 13. Ne4 Kc8 14. Ng3 c5 15. Nh5 b5 16. Nh2 Kb7 17. f4 Nh4 18. Re2
Bc6 19. c3 g6 20. Nf6 Be7 21. Be1 Nf5 $13 {1/2-1/2 Anand,V-Vallejo Pons,F/
Linares 2002/CBM 88/[Wedberg] (29)}) 12... c5 (12... b6 13. Bd2 c5 14. Rad1 Ke8
15. a3 a5 16. Kh2 Be6 17. g4 Rd8 {1/2-1/2 Blehm,P-Markowski,T/Ohrid 2001/CBM
84 (17)}) 13. c4 Be6 14. b3 Be7 (14... b6 15. g4 Kc8 16. Kg2 Kb7 17. Rd1 Be7
18. Kg3 f5 19. gxf5 Bxf5 $17 {0-1 Inarkiev,E-Georgiev,K/4th IECC, Istanbul TUR
2003 (37)}) 15. Ng3 Kd7 $1 {Putting the K on c6 is an interesting and time
saving possibility in many situations in the Berlin defence. This is a fine
example of this idea.} 16. Nh5 Rhg8 17. Bb2 {A rather pointless move.} (17. Nh2
$5 {[%cal Yg2g4,Yf2f4,Yf4f5]}) 17... Kc6 18. Nd2 a5 19. a4 Rgd8 20. Nf1 Rd3 $15
{Black has excellent play against the weak white Q-side.} 21. Re3 Rad8 $1 {
Black has a strong initiative and calculates that he is faster on the Q-side
than White on the K-side.} 22. Nxg7 Bg5 23. Nxe6 fxe6 24. Rxd3 Rxd3 25. g3 Rxb3
26. Ra2 h5 27. f4 Bh6 28. Bc1 $2 (28. h4 {might be a better try.}) 28... Nxe5
$17 29. Re2 Nf3+ 30. Kg2 Nd4 31. Re5 Rc3 32. Be3 Rc2+ 33. Kh1 Rxc4 34. Rxh5 Bf8
35. Rh8 Bd6 36. h4 Rxa4 37. h5 e5 $1 38. fxe5 (38. h6 exf4 39. gxf4 Nf5 40. h7
Nxe3 41. Nxe3 Rxf4 42. Kg2 Rf7 $19) 38... Bxe5 39. Re8 Kd5 40. h6 Nf5 41. Bf4
Bxf4 42. h7 Bxg3 43. Kg1 Rh4 0-1

[Event "HUN-ch"]
[Site "Lillafured"]
[Date "1999.02.06"]
[Round "6"]
[White "Acs, Peter"]
[Black "Pinter, Jozsef"]
[Result "1-0"]
[WhiteElo "2521"]
[BlackElo "2581"]
[Annotator "Wedberg,T"]
[PlyCount "109"]
[EventDate "1999.02.01"]
[EventType "tourn"]
[EventRounds "9"]
[EventCountry "HUN"]
[EventCategory "13"]
[SourceTitle "CBM 070"]
[Source "ChessBase"]
[SourceDate "1999.06.08"]
[SourceVersion "1"]
[SourceVersionDate "1999.06.08"]
[SourceQuality "1"]

{[%mdl 4] This game is a model for the White side of the Berlin defence. Black
could have played better at several points, so the line is not in danger, but
White's advance on the K-side is very much to the point.} 1. e4 e5 2. Nf3 Nc6
3. Bb5 Nf6 4. O-O Nxe4 5. d4 Nd6 6. Bxc6 dxc6 7. dxe5 Nf5 8. Qxd8+ Kxd8 9. Nc3
Ke8 {This is not absolutely necessary. Some white-players like to go Rd1+.
There is a good argument for waiting for this check.} (9... a5 $5) 10. h3 a5
11. g4 (11. a4 Be6 12. Rd1 h6 13. g4 Ne7 14. Nd4 g5 15. Ne4 Bg7 $13 {Ernst,
T-Rausis,I/Viking op 1997/EXT 97/0-1 (50)}) 11... Ne7 12. Kg2 (12. Nh2 h5 13.
f4 hxg4 14. hxg4 Nd5 15. Ne4 Nb4 16. Rf2 Be6 17. a3 Bd5 18. axb4 Bxe4 19. Re2
Bd5 20. bxa5 Rh3 $132 {1/2-1/2 Wahls,M-Almasi,Z/Germany 1997/GER-chT (95)})
12... h5 13. Kg3 Ng6 14. Ne4 $146 (14. Ne2 a4 15. Nf4 Nxf4 16. Bxf4 Be7 17.
Rfe1 c5 18. Bg5 Be6 $13 {0-1 Van Riemsdijk,H-Marciano,D/Elista 1998/CBM 66 ext
(45)}) (14. Bg5 $6 f6 $5 15. Be3 (15. exf6 Bd6+ 16. Kg2 hxg4 17. hxg4 Kf7 $40)
15... fxe5 16. Rfe1 Bd6 $15 {0-1 Yurtaev,L-Giorgadze,G/Elista 1998/CBM 66 ext 
(38)}) 14... Be7 (14... Be6) (14... a4) 15. Re1 Kf8 $6 {Black was afraid of a
check on d6 or f6, but there was nothing wrong with placing a B on e6.} (15...
Be6 $1 16. Neg5 (16. Bg5 a4 $132) 16... Bd5 17. Nd4 (17. e6 $2 Bd6+ $19) 17...
hxg4 18. hxg4 Kd7 $5 {Connecting R:s is important since there is an attack on
the h-file to be persued.} 19. Nf5 (19. e6+ $2 fxe6 20. Ndxe6 Bd6+ 21. f4 Rae8
$19) 19... Bxg5 20. Bxg5 Rh7 21. f4 Rah8 $17) 16. Bg5 Be6 17. Rad1 Bd5 18.
Bxe7+ Kxe7 19. Nd4 Rae8 $6 {This passive move allows White to advance the f-P.
Which by the way is White's main objective in this line.} (19... h4+ $1 20. Kh2
(20. Kf3 Nxe5+ 21. Kf4 f6 $17) 20... Rhd8 $13) 20. f4 Kf8 21. Nf5 $14 Be6 22.
Ne3 Bc8 (22... Bxa2 23. b3 a4 24. bxa4 $14) 23. Rd4 b6 24. Red1 Rh6 25. Rd8 Rh8
{Blacks game has backfired completely. A very unpleasant endgame is looming
around the corner.} 26. c4 hxg4 27. hxg4 Ke7 28. R8d4 Kf8 29. Rd8 Ke7 30. Rxe8+
Rxe8 31. Nf5+ Kf8 32. Nh4 {White is cleaning up the position as a preparation
for a general advance on the K-side.} Nxh4 33. Kxh4 a4 34. Nc3 Be6 35. b3 axb3
36. axb3 Bc8 37. Kg5 f6+ {Black was more or less in zugzwang.} (37... Ke7 38.
f5 $16) (37... Bb7 38. Rd7 $16) (37... Kg8 38. f5 $16) 38. exf6 gxf6+ 39. Kxf6
Bxg4 40. Rd3 b5 41. cxb5 cxb5 42. Nxb5 c6 43. Nc7 Rc8 44. Rd6 $1 $18 c5 45. Nd5
Rb8 46. Rb6 Rd8 47. Ne7 Ke8 48. Ng6 Rd4 49. Kg5 Bh3 50. Ne5 Rd5 51. Kf6 Kd8 52.
Rc6 Rd4 53. f5 Rb4 54. Rd6+ Ke8 55. Rc6 1-0

[Event "HUN-ch"]
[Site "Lillafured"]
[Date "1999.02.04"]
[Round "4"]
[White "Varga, Zoltan"]
[Black "Pinter, Jozsef"]
[Result "1-0"]
[WhiteElo "2518"]
[BlackElo "2581"]
[Annotator "Wedberg,T"]
[PlyCount "119"]
[EventDate "1999.02.01"]
[EventType "tourn"]
[EventRounds "9"]
[EventCountry "HUN"]
[EventCategory "13"]
[SourceTitle "CBM 070"]
[Source "ChessBase"]
[SourceDate "1999.06.08"]
[SourceVersion "1"]
[SourceVersionDate "1999.06.08"]
[SourceQuality "1"]

1. e4 e5 2. Nf3 Nc6 3. Bb5 Nf6 4. O-O Nxe4 5. Qe2 Nd6 6. Bxc6 dxc6 7. Qxe5+ Qe7
8. Qa5 {This line is not promising for White if Black is cautious. In reality
White has very little compensation for Blacks pair of B:s.} Qd8 (8... Be6 9. d3
Qd7 10. Nd4 Be7 11. Nxe6 Qxe6 12. Re1 Qd7 13. Bg5 f6 14. Bf4 O-O 15. Nd2 Rfe8
16. h3 Nb5 17. Nb3 Bd6 $11 {1/2-1/2 Luther,T-Plachetka,J/Portoroz 1998/EXT 99 
(42)}) 9. Re1+ (9. Qe5+ {Maybe the best move.} Qe7 10. Qa5 Qd8 {1/2-1/2
Wiersma,E-Schlindwein,R/Rotterdam 1998/EXT 99 (10)}) 9... Be7 10. d3 O-O 11.
Bg5 Bxg5 (11... f6 12. Bf4 Re8 $11) 12. Qxg5 Qxg5 13. Nxg5 Nf5 14. Nf3 Be6 15.
d4 Bd5 16. Nbd2 Rad8 17. g3 f6 18. b3 b6 19. g4 $6 (19. Rad1 $142) 19... Nh6 $6
(19... Bxf3 $1 20. Nxf3 (20. gxf5 Bg4 $17) 20... Nxd4 21. Nxd4 Rxd4 22. Rad1
$15) 20. h3 Rfe8 21. Rxe8+ Rxe8 22. Re1 Kf8 23. Rxe8+ Kxe8 24. Ne1 Nf7 25. f3
Nd6 26. Kf2 Bf7 27. c4 Kd7 28. Ke3 a5 29. f4 $11 a4 30. Nd3 axb3 31. axb3 Nb7
32. Ne4 Na5 33. Nd2 Ke7 34. Nb4 Kd7 35. Nd3 h6 {Equal, but Black wants to win.}
36. Ke4 Nb7 37. f5 Na5 38. Ke3 Ke7 39. Nb4 b5 40. d5 cxd5 41. cxd5 c5 $6 {
A clear mistake - perhaps still some timepressure problems.} (41... Kd6 42.
Ne4+ Kd7 (42... Ke5 $6 43. d6 cxd6 44. Nc3 d5 45. Nd3+ Kd6 46. Nxb5+ $14) 43.
Nc5+ Kd6 44. Ne4+ $11) 42. dxc6 Kd6 $2 (42... Nxb3 43. Ne4 $14) 43. Ne4+ Kc7
44. Nc3 Nxc6 (44... Kb6 45. Nxb5 $1 $16) 45. Nxb5+ Kb6 46. Nxc6 Kxb5 47. Nd4+
Kb4 48. h4 $18 Kc3 49. h5 Kb4 50. Ke4 Kc5 51. Ne6+ Kd6 52. b4 Be8 53. Nxg7 Bc6+
54. Kf4 Bb5 55. Ne6 Be2 56. Nc5 Ke7 57. Ne4 Ba6 58. Nc3 Bb7 59. b5 Kd6 60. Ne4+
1-0

[Event "EU-chT (Men) 12th"]
[Site "Batumi"]
[Date "1999.12.02"]
[Round "4.2"]
[White "Georgiev, Kiril"]
[Black "Aleksandrov, Aleksej"]
[Result "1/2-1/2"]
[WhiteElo "2650"]
[BlackElo "2619"]
[Annotator "Wedberg,T"]
[PlyCount "81"]
[EventDate "1999.11.06"]
[EventType "team-swiss"]
[EventRounds "9"]
[EventCountry "GEO"]
[SourceTitle "CBM 074"]
[Source "ChessBase"]
[SourceDate "2000.02.01"]
[SourceVersion "1"]
[SourceVersionDate "2000.02.01"]
[SourceQuality "1"]
[WhiteTeam "Bulgaria"]
[BlackTeam "Belarus"]
[WhiteTeamCountry "BUL"]
[BlackTeamCountry "BLR"]

1. e4 e5 2. Nf3 Nc6 3. Bb5 Nf6 4. O-O Nxe4 5. d4 Nd6 6. Bxc6 dxc6 7. dxe5 Nf5
8. Qxd8+ Kxd8 9. Nc3 Ke8 10. h3 a5 11. Ne2 Ne7 12. Ng3 a4 (12... c5 $1 13. Be3
Nc6 14. Ne4 b6 $132 {/\Bf5 Dautov}) 13. a3 Nd5 {Weak according to Dautov. He
recommends a setup with c5, Nc6 and Be6 instead.} 14. Bd2 (14. Re1 Be7 (14...
h6 $1) 15. Bd2 h6 16. Rad1 Kf8 $2 (16... c5 $1) 17. Nd4 $16 {1-0 Svidler,
P-Aleksandrov,A/Las Vegas 1999/CBM 72/[Dautov] (41)}) 14... h6 15. Rad1 Bc5 16.
Rfe1 Be6 {Alexandrov has chosen a much more active and natural setup than in
the game against Svidler.} 17. Bc1 Bb6 18. Nd4 Bxd4 19. Rxd4 c5 20. Rdd1 c4 $11
21. f4 Ne7 (21... g6 $5) 22. Nh5 g6 23. Ng7+ Kf8 24. Nxe6+ fxe6 25. g4 (25. Rd7
Rc8 26. Red1 Ke8 {and White hasn´t achieved anything with the R on d7.}) 25...
Ke8 26. Kf2 h5 27. Kg3 hxg4 28. hxg4 Rd8 29. Rxd8+ Kxd8 30. Bd2 Nd5 $15 {
The good N gives Black some hopes.} 31. Re2 Rh1 32. c3 Ke7 33. Be1 Kf7 34. Kg2
Nxf4+ 35. Kxh1 Nxe2 36. Bd2 {Threatening to trap the N.} Ng3+ 37. Kg2 Ne4 38.
Be3 b6 39. Kf3 Nc5 40. Bxc5 bxc5 41. Ke4 1/2-1/2